000
00321nam a2200133Ia 4500
005
20251222143152.0
008
251222s9999||||xx |||||||||||||| ||spa||
020
_a
978-958-8675-53-4
082
_a
635.9/R61
100
_a
Rimache Artica, Mijail
245
0
_a
Floricultura:
264
_b
Ediciones de la U
942
_c
LIB
999
_c
12740
_d
12740